| 000 | 00469nam a2200181Ia 4500 | ||
|---|---|---|---|
| 003 | OSt | ||
| 005 | 20250130104417.0 | ||
| 008 | 210716s1968 xx 000 0 und d | ||
| 040 | _cAIMIT LIBRARY | ||
| 041 | _aeng | ||
| 082 |
_a808.83 _21 _bURIL |
||
| 100 |
_aUris, Leon. _9196174 |
||
| 245 |
_aTopaz / _cBy Leon Uris. |
||
| 250 | _a1st ed. | ||
| 260 |
_aNew York : _bBantam books ; _c1968. |
||
| 300 |
_a405p. ; _bPB _c17 cm. |
||
| 942 |
_2ddc _cBK _e1st ed. _k808.83 URIL |
||
| 999 |
_c200286 _d200286 |
||